<?xml version="1.0" encoding="UTF-8"?><?xml-stylesheet type="text/xsl" href="static/style.xsl"?><OAI-PMH xmlns="http://www.openarchives.org/OAI/2.0/" xmlns:xsi="http://www.w3.org/2001/XMLSchema-instance" xsi:schemaLocation="http://www.openarchives.org/OAI/2.0/ http://www.openarchives.org/OAI/2.0/OAI-PMH.xsd"><responseDate>2026-04-27T21:55:04Z</responseDate><request verb="GetRecord" identifier="oai:uvadoc.uva.es:10324/80298" metadataPrefix="marc">https://uvadoc.uva.es/oai/request</request><GetRecord><record><header><identifier>oai:uvadoc.uva.es:10324/80298</identifier><datestamp>2026-03-25T08:42:19Z</datestamp><setSpec>com_10324_23459</setSpec><setSpec>com_10324_954</setSpec><setSpec>com_10324_894</setSpec><setSpec>col_10324_23460</setSpec></header><metadata><record xmlns="http://www.loc.gov/MARC21/slim" xmlns:doc="http://www.lyncode.com/xoai" xmlns:xsi="http://www.w3.org/2001/XMLSchema-instance" xmlns:dcterms="http://purl.org/dc/terms/" xsi:schemaLocation="http://www.loc.gov/MARC21/slim http://www.loc.gov/standards/marcxml/schema/MARC21slim.xsd">
<leader>00925njm 22002777a 4500</leader>
<datafield tag="042" ind1=" " ind2=" ">
<subfield code="a">dc</subfield>
</datafield>
<datafield tag="720" ind1=" " ind2=" ">
<subfield code="a">Vaquerizo Villar, Fernando</subfield>
<subfield code="e">author</subfield>
</datafield>
<datafield tag="720" ind1=" " ind2=" ">
<subfield code="a">Álvarez González, Daniel</subfield>
<subfield code="e">author</subfield>
</datafield>
<datafield tag="720" ind1=" " ind2=" ">
<subfield code="a">Kheirandish Gozal, Leila</subfield>
<subfield code="e">author</subfield>
</datafield>
<datafield tag="720" ind1=" " ind2=" ">
<subfield code="a">Gutierrez Tobal, Gonzalo César</subfield>
<subfield code="e">author</subfield>
</datafield>
<datafield tag="720" ind1=" " ind2=" ">
<subfield code="a">Barroso García, Verónica</subfield>
<subfield code="e">author</subfield>
</datafield>
<datafield tag="720" ind1=" " ind2=" ">
<subfield code="a">Crespo, Andrea</subfield>
<subfield code="e">author</subfield>
</datafield>
<datafield tag="720" ind1=" " ind2=" ">
<subfield code="a">Campo Matias, Félix del</subfield>
<subfield code="e">author</subfield>
</datafield>
<datafield tag="720" ind1=" " ind2=" ">
<subfield code="a">Gozal, David</subfield>
<subfield code="e">author</subfield>
</datafield>
<datafield tag="720" ind1=" " ind2=" ">
<subfield code="a">Hornero Sánchez, Roberto</subfield>
<subfield code="e">author</subfield>
</datafield>
<datafield tag="260" ind1=" " ind2=" ">
<subfield code="c">2018</subfield>
</datafield>
<datafield tag="520" ind1=" " ind2=" ">
<subfield code="a">Background and objective&#xd;
The aim of this study was to assess the utility of bispectrum-based oximetry approaches as a complementary tool to traditional techniques in the screening of pediatric sleep apnea-hypopnea syndrome (SAHS).&#xd;
Methods&#xd;
298 blood oxygen saturation (SpO2) signals from children ranging 0–13 years of age were recorded during overnight polysomnography (PSG). These recordings were divided into three severity groups according to the PSG-derived apnea hypopnea index (AHI): AHI &lt; 5 events per hour (e/h), 5 ≤ AHI &lt; 10 e/h, AHI ≥ 10 e/h. For each pediatric subject, anthropometric variables, 3% oxygen desaturation index (ODI3) and spectral features from power spectral density (PSD) and bispectrum were obtained. Then, the fast correlation-based filter (FCBF) was applied to select a subset of relevant features that may be complementary, excluding those that are redundant. The selected features fed a multiclass multi-layer perceptron (MLP) neural network to build a model to estimate the SAHS severity degrees.&#xd;
Results&#xd;
An optimum subset with features from all the proposed methodological approaches was obtained: variables from bispectrum, as well as PSD, ODI3, Age, and Sex. In the 3-class classification task, the MLP model trained with these features achieved an accuracy of 76.0% and a Cohen's kappa of 0.56 in an independent test set. Additionally, high accuracies were reached using the AHI cutoffs for diagnosis of moderate (AHI = 5 e/h) and severe (AHI = 10 e/h) SAHS: 81.3% and 85.3%, respectively. These results outperformed the diagnostic ability of a MLP model built without using bispectral features.&#xd;
Conclusions&#xd;
Our results suggest that bispectrum provides additional information to anthropometric variables, ODI3 and PSD regarding characterization of changes in the SpO2 signal caused by respiratory events. Thus, oximetry bispectrum can be a useful tool to provide complementary information for screening of moderate-to-severe pediatric SAHS.</subfield>
</datafield>
<datafield tag="024" ind2=" " ind1="8">
<subfield code="a">Computer Methods and Programs in Biomedicine, Marzo 2018, vol. 156, p. 141-149</subfield>
</datafield>
<datafield tag="024" ind2=" " ind1="8">
<subfield code="a">0169-2607</subfield>
</datafield>
<datafield tag="024" ind2=" " ind1="8">
<subfield code="a">https://uvadoc.uva.es/handle/10324/80298</subfield>
</datafield>
<datafield tag="024" ind2=" " ind1="8">
<subfield code="a">10.1016/j.cmpb.2017.12.020</subfield>
</datafield>
<datafield tag="024" ind2=" " ind1="8">
<subfield code="a">141</subfield>
</datafield>
<datafield tag="024" ind2=" " ind1="8">
<subfield code="a">149</subfield>
</datafield>
<datafield tag="024" ind2=" " ind1="8">
<subfield code="a">Computer Methods and Programs in Biomedicine</subfield>
</datafield>
<datafield tag="024" ind2=" " ind1="8">
<subfield code="a">156</subfield>
</datafield>
<datafield tag="245" ind1="0" ind2="0">
<subfield code="a">Utility of bispectrum in the screening of pediatric sleep apnea-hypopnea syndrome using oximetry recordings</subfield>
</datafield>
</record></metadata></record></GetRecord></OAI-PMH>